| 000 | 01176cam a2200361Li 4500 | ||
|---|---|---|---|
| 001 | 99207 | ||
| 005 | 20230410105353.0 | ||
| 008 | 921102s1975 nyu 000 0 eng d | ||
| 035 | _a(OCoLC)ocn468137446 | ||
| 040 |
_aBDF _bfre _cBDF |
||
| 016 | 7 |
_aFRBNF373727540000008 _2FrPBN |
|
| 020 | _a0853454280 | ||
| 020 | _a9780853454281 | ||
| 035 | _a(OCoLC)468137446 | ||
| 050 | 1 | 4 |
_aHB 201 _bM494s 1975 |
| 082 | 0 | 0 | _a330.162 |
| 100 | 1 | _aMeek, Ronald L. | |
| 245 | 1 | 0 |
_aStudies in the labor theory of value / _cRonald L. Meek. |
| 250 | _a2nd. ed. with a new introd. by the author. | ||
| 260 |
_aNew York ; _aLondon : _bMonthly review press, _c[1975] |
||
| 300 |
_axliv, 332 p. ; _c22 cm. |
||
| 500 | _aNotes bibliogr. Index. | ||
| 650 | 0 | _aValue. Labor theory of value. | |
| 650 | 4 | _aValor (Economía). | |
| 650 | 7 |
_aValeur. _2ram |
|
| 650 | 7 |
_aéconomie marxiste. _2ram |
|
| 856 | 4 | 2 |
_3Notice et cote du catalogue de la Bibliothéque nationale de France _uhttp://catalogue.bnf.fr/ark:/12148/cb37372754n |
| 886 | 1 |
_2intermrc _a009 _bax-d--------------- |
|
| 886 | 2 |
_2intermrc _a917 _b-- _oGEA _a000409456 |
|
| 942 |
_2lcc _cbk |
||
| 946 | _aCV | ||
| 994 |
_aC0 _bDRFGD |
||
| 999 |
_c35325 _d35325 |
||